| 000 | 00813nam a2200301 a 4500 | ||
|---|---|---|---|
| 003 | AR-BaBNM | ||
| 005 | 20251128210330.0 | ||
| 008 | 082120s2002 ||||||||||||||000 | spa|| | ||
| 020 | _a84-7506-413-2 | ||
| 040 | _cAR-BaBNM | ||
| 100 | 0 | _aTirso de Molina | |
| 245 | 0 | 0 |
_aObras completas de Tirso de Molina _bDeleitar aprovechando _n9 ; |
| 260 |
_aMadrid _bTurner Libros _c1994 |
||
| 300 | _axxv, 950 p. | ||
| 490 | 0 |
_aBiblioteca Castro _vv. 9 |
|
| 650 | 4 | _aLITERATURA ESPAÑOLA | |
| 650 | 4 | _aSIGLO DIECISIETE | |
| 650 | 4 | _aRECURSOS LITERARIOS | |
| 650 | 4 | _aPOESIA | |
| 653 | _aBARROCO | ||
| 653 | _aSIGLO DE ORO | ||
| 653 | _aNARRATIVA | ||
| 655 | _aLITERATURA | ||
| 700 | 1 |
_aPalomo Vázquez, Pilar _eprologuista |
|
| 800 | 1 |
_aArroyo Stephens, Manuel _eeditor |
|
| 942 | _cBK | ||
| 998 | _cMARTIN | ||
| 999 |
_c14997 _d14997 |
||